A Bevezetés... mint archívum

Elmentve itt :
Bibliográfiai részletek
Szerző: Szabó Gábor
Dokumentumtípus: Cikk
Megjelent: 2005
Sorozat:TISZATÁJ: IRODALMI MŰVÉSZETI ÉS TÁRSADALMI FOLYÓIRAT 59 No. 5
Tárgyszavak:
mtmt:2417835
Online Access:http://publicatio.bibl.u-szeged.hu/37965
LEADER 00655nab a2200193 i 4500
001 publ37965
005 20251014143603.0
008 251014s2005 hu o 000 hun d
022 |a 0133-1167 
024 7 |a 2417835  |2 mtmt 
040 |a SZTE Publicatio Repozitórium  |b hun 
041 |a hun 
100 1 |a Szabó Gábor 
245 1 2 |a A Bevezetés... mint archívum  |h [elektronikus dokumentum] /  |c  Szabó Gábor 
260 |c 2005 
300 |a 82-93 
490 0 |a TISZATÁJ: IRODALMI MŰVÉSZETI ÉS TÁRSADALMI FOLYÓIRAT  |v 59 No. 5 
650 4 |a Nyelvek és irodalom 
856 4 0 |u http://publicatio.bibl.u-szeged.hu/37965/1/tiszataj_2005_005_082-092.pdf  |z Dokumentum-elérés